000 00825cam a2200277 4500
001 16633
003 BD-RjUL
005 20211209000032.0
008 140215s1970 enkcf b 001 0beng d
020 _a0720605849
035 _a(BD-RjUL) 16688
040 _aDLC
_cDLC
_dDLC
_dBD-RjUL
_beng
041 _aeng
082 0 0 _a812.52
_bNEA 1970
100 1 _aNelson, Benjamin.
_951385
245 1 0 _aArthur Miller:
_bportrait of a playwright /
_c Benjamin, Nelson
260 _aLondon :
_bOwen,
_c1970.
300 _a336 p. :
_bport. plate ;
_c23 cm.
350 _a52/-
504 _aBibliography: p. [323]-329 and Index
600 1 0 _aMiller, Arthur,
_d1915-2005.
_951392
650 0 _aDramatists, American
_y20th century
_vBiography.
_951387
942 _2ddc
_cBK
999 _c16633
_d16633